Православні свята та народні звичаї (Запис № 340696)

МАРК-запис
000 -LEADER
fixed length control field 00701nam a22002537a 4500
001 - CONTROL NUMBER
control field 54128
003 - CONTROL NUMBER IDENTIFIER
control field UA-OsUOA
005 - DATE AND TIME OF LATEST TRANSACTION
control field 20210726223718.0
007 - PHYSICAL DESCRIPTION FIXED FIELD--GENERAL INFORMATION
fixed length control field ta
008 - FIXED-LENGTH DATA ELEMENTS--GENERAL INFORMATION
fixed length control field 20080526b un ||||| |||| 00| 0 ukr d
020 ## - INTERNATIONAL STANDARD BOOK NUMBER
International Standard Book Number 966-8066-09-Х
040 ## - CATALOGING SOURCE
Original cataloging agency UA-OsUOA
Language of cataloging ukr
Transcribing agency UA-OsUOA
Modifying agency UA-OsUOA
041 ## - LANGUAGE CODE
Language code of text/sound track or separate title ukr
080 ## - UNIVERSAL DECIMAL CLASSIFICATION NUMBER
Universal Decimal Classification number 281.9:392
090 ## - LOCALLY ASSIGNED LC-TYPE CALL NUMBER (OCLC); LOCAL CALL NUMBER (OCLC)
Classification number (OCLC) (R) ; Classification number, CALL (RLIN) (NR) 281.9:392
Local cutter number (OCLC) ; Book number/undivided call number, CALL (RLIN) К44
100 ## - MAIN ENTRY--PERSONAL NAME
Personal name Кислашко О.
245 ## - TITLE STATEMENT
Title Православні свята та народні звичаї
260 ## - PUBLICATION, DISTRIBUTION, ETC. (IMPRINT)
Place of publication, distribution, etc К.
Name of publisher, distributor, etc Грамота
Date of publication, distribution, etc 2003
300 ## - PHYSICAL DESCRIPTION
Extent 152 с.
650 #7 - SUBJECT ADDED ENTRY--TOPICAL TERM
Topical term or geographic name as entry element 281.9 Східна православна церква і скопці
Source of heading or term UDC
700 ## - ADDED ENTRY--PERSONAL NAME
Personal name Кислашко Я.
942 ## - ADDED ENTRY ELEMENTS (KOHA)
Koha item type Книги
955 ## - COPY-LEVEL INFORMATION (RLIN)
Classification number, CCAL (RLIN) Навчальні видання
Фонди
Withdrawn status Lost status Source of classification or shelving scheme Damaged status Not for loan Home library Current library Date acquired Source of acquisition Cost, normal purchase price Inventory number Total Checkouts Full call number Barcode Date last seen Price effective from Koha item type
    Universal Decimal Classification     АБ - Абонемент НБ АБ - Абонемент НБ 26/05/2008 66/2008 8.36 113427   281.9:392 К44 113427 08/11/2021 26/05/2008 Книги
    Universal Decimal Classification     ЧЗ - Читальна зала ЧЗ - Читальна зала 04/04/2006 28/2006 6.00 95585   281.9:392 К44 95585 07/02/2022 04/04/2006 Книги
    Universal Decimal Classification     ЧЗ - Читальна зала ЧЗ - Читальна зала 04/04/2006 28/2006 6.00 95586   281.9:392 К44 95586 07/02/2022 04/04/2006 Книги
    Universal Decimal Classification     ЧЗ - Читальна зала ЧЗ - Читальна зала 04/04/2006 28/2006 6.00 95587   281.9:392 К44 95587 07/02/2022 04/04/2006 Книги